00557ntaaa2200181 45000030003000000050017000030080021000200400037000410820017000781000024000952450027001192500010001462600042001563000010001985000098002086500030003066500039003360120251027202204.00714s1973 ag 01  aAR-BaBNbspacAR-BaBNeaacrdRIC a267.4000 C83 aCox, Ethlene Boone  aFollowing in his train a1 ed. aNashville : bBroadman Press, cc1938 a217 p aA history of the Woman's Missionary Union.Ej. 2 (7753) retirado definitivamente de biblioteca aUnión femenil misionera amisiones-Unión femenil misionera